| 000 | 00000nam##2200000za#4500 |
| 001 | 9.641572 |
| 003 | CaOODSP |
| 005 | 20210624223302 |
| 007 | cr ||||||||||| |
| 008 | 150407|1992||||xxc|||||o f|0| 0 fre|d |
| 040 | |aCaOODSP|bfre |
| 043 | |an-cn--- |
| 086 | 1 |aA63-1591/1992F-PDF |
| 110 | 1 |aCanada.|bAgriculture Canada. |bDirection générale de recherche. |
| 245 | 10|aEngraissement des bovins en parc / |h[ressource électronique]|c[par] R. Hironaka et B. Freeze. |
| 250 | |aRévision |
| 260 | |aOttawa - Ontario : |bAgriculture Canada. |cc1992. |
| 300 | |a68p.|bfigures, glossaire, références, tableaux, photographies |
| 500 | |aPublication historique numérisée par Agriculture et Agroalimentaire Canada. Impression 1976. Révision 1979, 1981 et 1992. |
| 590 | |a13-17-Supp|b2013-07-25 |
| 691 | 07|aBovin|2gcpds |
| 691 | 07|aÉlevage|2gcpds |
| 775 | 08|tFeedlot finishing of cattle / |w(CaOODSP)9.697794 |
| 776 | 0#|tEngraissement des bovins en parc / |w(CaOODSP)9.678842 |
| 856 | 40|ahttp://publications.gc.ca|qPDF|s4.07 Mo|uhttps://publications.gc.ca/collections/collection_2013/aac-aafc/agrhist/A63-1591-1992-fra.pdf |
| 986 | |a1591 |